[Event "Florianopolis op 11th"]
[Site "Florianopolis"]
[Date "2025.01.20"]
[Round "3"]
[White "Klappoth, Augusto Agostini"]
[Black "Kisler Voges, Enzo Henrique"]
[Result "1-0"]
[WhiteElo "1551"]
[BlackElo "1748"]
[PlyCount "39"]
[EventDate "2025.01.18"]
[EventType "swiss"]
[EventRounds "10"]
[EventCountry "BRA"]
[SourceTitle "CB05_2025"]
[SourceDate "2025.01.29"]
[SourceVersion "1"]
[SourceVersionDate "2025.01.29"]
[SourceQuality "1"]

1. d4 Nf6 2. Bg5 b6 3. Bxf6 gxf6 4. e3 Bb7 5. Nf3 e6 6. Nc3 f5 7. Qd2 a6 8. a3 Bd6 9. 0-0-0 Qe7 10. Kb1 Nc6 11. d5 Nd8 12. Bc4 Rg8 13. g3 b5 14. Bb3 e5 15. e4 fxe4 16. Nxe4 f6 17. Nxd6+ cxd6 18. Nh4 Rg5 19. f4 Rh5 20. Rhe1 1-0

[Event "Florianopolis op 11th"]
[Site "Florianopolis"]
[Date "2025.01.18"]
[Round "1"]
[White "Klappoth, Augusto Agostini"]
[Black "Stapenhorst, Matheus Frederico"]
[Result "0-1"]
[WhiteElo "1551"]
[BlackElo "2024"]
[PlyCount "56"]
[EventDate "2025.01.18"]
[EventType "swiss"]
[EventRounds "10"]
[EventCountry "BRA"]
[SourceTitle "CB05_2025"]
[SourceDate "2025.01.29"]
[SourceVersion "1"]
[SourceVersionDate "2025.01.29"]
[SourceQuality "1"]

1. d4 Nf6 2. Bg5 d5 3. Bxf6 gxf6 4. e3 e6 5. Nf3 Bd7 6. Nc3 c5 7. Qd2 Nc6 8. dxc5 Bxc5 9. 0-0-0 Qa5 10. a3 0-0-0 11. Ne2 Bb4 12. c3 Be7 13. Ned4 e5 14. Nxc6 Bxc6 15. c4 Qb6 16. Qc3 Kb8 17. Kb1 Rc8 18. Rg1 dxc4 19. Nd2 Rhd8 20. Be2 Qc5 21. Qxc4 Qxc4 22. Bxc4 Ba4 23. Bb3 Rxd2 24. Bxa4 Rxf2 25. Rd7 Bc5 26. Rxf7 Bxe3 27. Rxh7 Bd4 28. Rc1 Rxb2+ 0-1